El concepto contemporáneo de España (Record no. 46402)

MARC details
000 -LEADER
campo de control de longitud fija 01294nam a2200301 i 4500
001 - NÚMERO DE CONTROL
campo de control 46402
003 - IDENTIFICADOR DE NÚMERO DE CONTROL
campo de control ES-MaACL
005 - FECHA Y HORA DE LA ÚLTIMA TRANSACCIÓN
campo de control 20250905133545.0
007 - CAMPO FIJO DE DESCRIPCIÓN FÍSICA--INFORMACIÓN GENERAL
campo de control de longitud fija t|
008 - DATOS DE LONGITUD FIJA--INFORMACIÓN GENERAL
campo de control de longitud fija 030328s1946 ag ||||1| spa d
245 03 - MENCIÓN DEL TÍTULO
Título El concepto contemporáneo de España
Resto del título : [antología de ensayos 1895-1931] /
Mención de responsabilidad, etc. por Angel del Río y M. J. Benardete.
260 ## - PUBLICACIÓN, DISTRIBUCIÓN, ETC.
Lugar de publicación, distribución, etc. Buenos Aires :
Nombre del editor, distribuidor, etc. Losada,
Fecha de publicación, distribución, etc. [1946] (
Fabricante López)
300 ## - DESCRIPCIÓN FÍSICA
Extensión 741 p. ;
Dimensiones 24 cm.
490 1# - MENCIÓN DE SERIE
Mención de serie Grandes antologías
500 ## - NOTA GENERAL
Nota general Precede al tít.: Hispanic Institute in the United States.
510 ## - NOTA DE CITAS O REFERENCIAS BIBLIOGRÁFICAS
Nombre de la fuente CCPB,
Localización dentro de la fuente 000894235-8
650 #7 - PUNTO DE ACCESO ADICIONAL DE MATERIA--TÉRMINO DE MATERIA
9 (RLIN) 164452
Término de materia o nombre geográfico como elemento de entrada Ensayo español-
Subdivisión general Historia y crítica
650 #0 - PUNTO DE ACCESO ADICIONAL DE MATERIA--TÉRMINO DE MATERIA
9 (RLIN) 236766
Término de materia o nombre geográfico como elemento de entrada antologia
700 1# - ENTRADA AGREGADA--NOMBRE PERSONAL
Nombre de persona Río, Ángel del,
Fechas asociadas al nombre 1900-1962
9 (RLIN) 97297
700 1# - ENTRADA AGREGADA--NOMBRE PERSONAL
Nombre de persona Benardete, M. J.
9 (RLIN) 27428
710 2# - ENTRADA AGREGADA--NOMBRE DE ENTIDAD CORPORATIVA
Nombre de entidad corporativa o nombre de jurisdicción como elemento de entrada Hispanic Institute in the United States.
9 (RLIN) 4582
830 00 - PUNTO DE ACCESO ADICIONAL DE SERIE-TÍTULO UNIFORME
Título uniforme Grandes antologías (Losada)
9 (RLIN) 229979
852 ## - LOCALIZACIÓN
Ubicación ES-MaACL
Número de control de estantería D-6525
Sublocalización o colección R.30264
-- R.M. 6116
Ubicación en estantería Sala Valle Inclán
Marcas de propiedad Sello en tinta azul de la Biblioteca del Ateneo de Madrid
itemnumber 48128
Anotaciones manuscritas Anotación manuscrita en hoja de guarda: "120"
Encuadernación Encuadernación en tela verde
942 ## - ELEMENTOS DE ENTRADA SECUNDARIOS (KOHA)
Fuente del sistema de clasificación o colocación Clasificación decimal universal
Tipo de ítem Koha Libro impreso
Holdings
Estatus retirado Estado de pérdida Estado de daño No para préstamo Biblioteca de origen Biblioteca actual Ubicación en estantería Fecha de adquisición Fuente de adquisición Total de préstamos Signatura topográfica completa Código de barras Visto por última vez Precio de reemplazo Tipo de ítem Koha
        Biblioteca del Ateneo de Madrid Biblioteca del Ateneo de Madrid Sala Valle Inclán 17/01/2008     D-6525 901048802 23/02/2023 23/02/2023 Libro impreso